期刊信息 |
| 索取号 |
C5/KFJ
|
| 题名 |
开封教育学院学报
|
| 作者 |
|
| 分册号 |
|
| 分册名 |
|
| 出版地 |
开封(河南)
|
| 出版者 |
该刊编辑部
|
| 标准刊号 |
|
| 出版频率 |
季刊
|
| 中图法分类 |
G65
|
| 主题词 |
社会科学 丛书; 社会科学 文集; 社会科学 连续出版物
|
| 电子资源 | |
| |
|
| 000 | 01139nas002200361 45 | |
| 001 | 1196061276 | |
| 005 | 20070416111559.32 | |
| 011 | @d¥1.00(1990) | |
| 021 | @aCN@b河南91-525 | |
| 100 | @a19930616a19839999mk y0chiy0121 eb | |
| 101 | 0 | @achi@eeng |
| 102 | @aCN@b410000 | |
| 110 | @aahaz 0yu0 | |
| 200 | 1 | @a开封教育学院学报@AKAI FENG JIAO YU XUE YUAN XUE BAO@dKaifeng Institute of Education Journal@i社会科学版@zeng |
| 207 | 0 | @a1983,no.1(1983)~=总1~ |
| 210 | @a开封(河南)@b河南省开封市理事厅街43号(邮码475000)@c该刊编辑部@d1983~ | |
| 215 | @d26cm | |
| 304 | @a1990年no.4起有并列题名 | |
| 326 | @a季刊@b1989~ | |
| 326 | @a半年刊@b1983~88 | |
| 510 | 1 | @aKaifeng Institute of Education Journal@zeng |
| 517 | 1 | @a社会科学版@AShe Hui Ke Xue Ban |
| 540 | 1 | @a开封 教育学院 学报@AKAI FENG JIAO YU XUE YUAN XUE BAO |
| 606 | 0 | @a社会科学@x丛书 |
| 606 | 0 | @a社会科学@x文集 |
| 606 | 0 | @a社会科学@x连续出版物 |
| 676 | @a370@v19 | |
| 690 | @aG65@v3 | |
| 690 | @aC5@v4 | |
| 701 | 0 | @a申衡@ASHEN HENG@4主编 |
| 701 | 0 | @a徐公良@AXU GONG LIANG@4主编 |
| 801 | 0 | @aCN@bPFT@c20070416 |
| 905 | @a1@cQ@dC5@eKFJ | |
| 开封教育学院学报=Kaifeng Institute of Education Journal.社会科学版.-1983,no.1(1983)~=总1~.-开封(河南)(河南省开封市理事厅街43号(邮码475000)):该刊编辑部,1983~ |
| 26cm |
| ¥1.00(1990) |
| ● |
| 相关链接: |
|
|
|
|